00489nam a22001337a 4500003000900000005001700009008003100026040002600057100003700083245010400120260007300224300002900297500002900326DO-SdBNP20210608140510.0210608b 2020 dr a 00| 0 eng d aDO-SdBNPbspacBNPHU 1 aCamogli Jiménez, José Manuel10aGuía del camarero en el servicio :b(restaurante tipo buffet) /cJosé Manuel Camogli Jiménez. aSantiago de los Caballeros, República Dominicana : bs.n., c2020. a88 p. :bil. ; c28 cm.  aIncluye datos del autor